[Event "Utrecht OKU op 50th"]
[Site "Utrecht"]
[Date "2025.05.30"]
[Round "1"]
[White "Van de Griendt, Jan Willem"]
[Black "Alvares, Thomas"]
[Result "1-0"]
[WhiteElo "2361"]
[BlackElo "1942"]
[PlyCount "71"]
[EventDate "2025.05.30"]
[EventType "swiss"]
[EventRounds "6"]
[EventCountry "NED"]
[SourceTitle "CB23_2025"]
[SourceDate "2025.06.04"]
[SourceVersion "1"]
[SourceVersionDate "2025.06.04"]
[SourceQuality "1"]

1. d4 Nf6 2. c4 e6 3. Nf3 d5 4. g3 dxc4 5. Bg2 c5 6. 0-0 Nc6 7. Qa4 Bd7 8. Qxc4 b5 9. Qd3 c4 10. Qc2 Rc8 11. Bg5 Be7 12. Nc3 b4 13. Bxf6 gxf6 14. Ne4 Na5 15. Rfd1 Qc7 16. d5 exd5 17. Rxd5 Be6 18. Rh5 Nc6 19. Nc5 Bxc5 20. Rxc5 Qb6 21. Rh5 Ke7 22. a3 a5 23. Bh3 Bxh3 24. Rxh3 Ne5 25. Nxe5 fxe5 26. Rh5 c3 27. Rxe5+ Kf8 28. axb4 axb4 29. Qf5 Rc6 30. bxc3 bxc3 31. Rb5 Qc7 32. Ra8+ Kg7 33. Qg4+ Rg6 34. Qd4+ f6 35. Ra7 Rc8 36. Rbb7 1-0

[Event "NED-ch U18"]
[Site "Almelo"]
[Date "2023.05.04"]
[Round "5"]
[White "Alvares, Thomas"]
[Black "Boeren, Jurriaan"]
[Result "0-1"]
[WhiteElo "1825"]
[BlackElo "1979"]
[PlyCount "106"]
[EventDate "2023.04.30"]
[EventType "swiss"]
[EventRounds "7"]
[EventCountry "NED"]
[SourceTitle "CBM 214 Extra"]
[Source "ChessBase"]
[SourceDate "2023.07.31"]
[SourceVersion "1"]
[SourceVersionDate "2023.07.31"]
[SourceQuality "1"]

1. e4 e5 2. Nf3 Nc6 3. Bb5 a6 4. Ba4 Nf6 5. d3 d6 6. c3 g6 7. 0-0 Bg7 8. Re1 0-0 9. Nbd2 Re8 10. h3 Nd7 11. Nf1 Nb6 12. Bb3 d5 13. Ng3 Na5 14. Bc2 c5 15. Qe2 Qc7 16. Bd2 Nc6 17. exd5 Nxd5 18. Ne4 b6 19. Bb3 Nce7 20. d4 exd4 21. cxd4 cxd4 22. Rac1 Qd7 23. Qc4 Bb7 24. Bg5 Rac8 25. Qd3 h6 26. Bd2 Nc6 27. a3 Qf5 28. Bc2 Rcd8 29. Qb3 Qd7 30. Bd3 Ne5 31. Nxe5 Rxe5 32. Bc4 Qf5 33. Ng3 Rxe1+ 34. Rxe1 Qd7 35. Qd3 Qc6 36. Bxa6 Ba8 37. Bb5 Nf4 38. Bxc6 Nxd3 39. Re8+ Rxe8 40. Bxe8 Nxb2 41. Bb5 Bd5 42. Nf1 Bf8 43. a4 Nc4 44. Bc1 h5 45. h4 Bb4 46. g3 Ne5 47. f4 Ng4 48. Nd2 Kf8 49. Kf1 Ke7 50. Nc4 Bc5 51. Bd2 Kf6 52. a5 bxa5 53. Bxa5 Bxc4+ 0-1

[Event "NED-ch U16"]
[Site "Almelo"]
[Date "2022.05.04"]
[Round "4"]
[White "Alvares, Thomas"]
[Black "Blom, Rens"]
[Result "0-1"]
[WhiteElo "1789"]
[BlackElo "1699"]
[PlyCount "74"]
[EventDate "2022.05.01"]
[EventType "swiss"]
[EventRounds "9"]
[EventCountry "NED"]
[SourceTitle "EXT 2023"]
[Source "ChessBase"]
[SourceDate "2022.10.05"]
[SourceVersion "1"]
[SourceVersionDate "2022.10.05"]
[SourceQuality "1"]

1. e4 d6 2. d4 Nf6 3. Nc3 g6 4. Be3 c6 5. a4 Nbd7 6. f4 e5 7. Nf3 Bg7 8. h3 Qe7 9. Bd3 Nh5 10. fxe5 dxe5 11. 0-0 0-0 12. d5 Rd8 13. Bc4 Nf8 14. Bg5 Qc5+ 15. Kh2 f6 16. Bb3 fxg5 17. Nxg5 Be6 18. Qf3 cxd5 19. Nxe6 Nxe6 20. Qf7+ Kh8 21. Qxe6 Nf4 22. Qg4 d4 23. Nd5 Nxd5 24. Bxd5 Qxc2 25. Rac1 Qxa4 26. Rc7 Rf8 27. Rff7 Rxf7 28. Bxf7 Rf8 29. Bxg6 Qa5 30. Qd7 Rg8 31. Bf7 Bh6 32. Bxg8 Bf4+ 33. g3 Qd2+ 34. Kh1 Qe1+ 35. Kg2 Qe2+ 36. Kh1 Qf3+ 37. Kg1 Be3+ 0-1